<?xml version="1.0" encoding="UTF-8"?>
<record
    xmlns:xsi="http://www.w3.org/2001/XMLSchema-instance"
    xsi:schemaLocation="http://www.loc.gov/MARC21/slim http://www.loc.gov/standards/marcxml/schema/MARC21slim.xsd"
    xmlns="http://www.loc.gov/MARC21/slim">

  <leader>01438nam a22004097u 4500</leader>
  <controlfield tag="001">60359</controlfield>
  <controlfield tag="003">SpMaBN</controlfield>
  <controlfield tag="005">20260128162232.0</controlfield>
  <controlfield tag="007">ta</controlfield>
  <controlfield tag="008">240911s2024    sp a          000 1 spa  </controlfield>
  <datafield tag="017" ind1=" " ind2=" ">
    <subfield code="a">B 17777-2023</subfield>
    <subfield code="b">Oficina Dep&#xF3;sito Legal Barcelona</subfield>
  </datafield>
  <datafield tag="020" ind1=" " ind2=" ">
    <subfield code="a">9788448867904</subfield>
  </datafield>
  <datafield tag="040" ind1=" " ind2=" ">
    <subfield code="a">SpMaBN</subfield>
    <subfield code="b">spa</subfield>
    <subfield code="c">SpMaBN</subfield>
    <subfield code="e">rda</subfield>
  </datafield>
  <datafield tag="041" ind1="1" ind2=" ">
    <subfield code="a">espa&#xF1;ol</subfield>
    <subfield code="h">eng</subfield>
  </datafield>
  <datafield tag="044" ind1=" " ind2=" ">
    <subfield code="a">sp</subfield>
    <subfield code="a">cc</subfield>
  </datafield>
  <datafield tag="080" ind1=" " ind2=" ">
    <subfield code="a">087.5:82</subfield>
  </datafield>
  <datafield tag="084" ind1=" " ind2=" ">
    <subfield code="a">C PIG</subfield>
  </datafield>
  <datafield tag="245" ind1="0" ind2="0">
    <subfield code="a">Peque&#xF1;a biblioteca de buenas noches</subfield>
    <subfield code="c">traducci&#xF3;n, Berta Mart&#xED;n</subfield>
  </datafield>
  <datafield tag="250" ind1=" " ind2=" ">
    <subfield code="a">Primera edici&#xF3;n: junio de 2024</subfield>
  </datafield>
  <datafield tag="264" ind1=" " ind2="1">
    <subfield code="a">[Barcelona]</subfield>
    <subfield code="b">Beascoa</subfield>
    <subfield code="c">[2024]</subfield>
  </datafield>
  <datafield tag="264" ind1=" " ind2="1">
    <subfield code="a">China</subfield>
    <subfield code="b">[fabricante no identificado]</subfield>
    <subfield code="c">[2024]</subfield>
  </datafield>
  <datafield tag="264" ind1=" " ind2="4">
    <subfield code="c">&#xA9;2024</subfield>
  </datafield>
  <datafield tag="300" ind1=" " ind2=" ">
    <subfield code="a">4 vol&#xFA;menes</subfield>
    <subfield code="b">ilustraciones (color)</subfield>
    <subfield code="c">10 cm</subfield>
  </datafield>
  <datafield tag="336" ind1=" " ind2=" ">
    <subfield code="a">Texto</subfield>
    <subfield code="a">Imagen fija</subfield>
    <subfield code="2">rdacontent</subfield>
    <subfield code="b">txt</subfield>
  </datafield>
  <datafield tag="337" ind1=" " ind2=" ">
    <subfield code="a">sin mediaci&#xF3;n</subfield>
    <subfield code="2">rdamedia</subfield>
    <subfield code="b">n</subfield>
  </datafield>
  <datafield tag="338" ind1=" " ind2=" ">
    <subfield code="a">volumen</subfield>
    <subfield code="2">rdacarrier</subfield>
    <subfield code="b">nc</subfield>
  </datafield>
  <datafield tag="490" ind1="0" ind2=" ">
    <subfield code="a">Peppa Pig</subfield>
  </datafield>
  <datafield tag="500" ind1=" " ind2=" ">
    <subfield code="a">Guardado en estuche</subfield>
  </datafield>
  <datafield tag="500" ind1=" " ind2=" ">
    <subfield code="a">T&#xED;tulo tomado del estuche</subfield>
  </datafield>
  <datafield tag="505" ind1="0" ind2=" ">
    <subfield code="a">[1.] La hora del ba&#xF1;o (10 p&#xE1;ginas sin numerar) -- [2.] La hora del cuento (10 p&#xE1;ginas sin numerar) -- [3.] La hora de dormir (10 p&#xE1;ginas sin numerar) -- [4.] La hora de so&#xF1;ar (10 p&#xE1;ginas sin numerar)</subfield>
  </datafield>
  <datafield tag="650" ind1=" " ind2=" ">
    <subfield code="2">LEMB</subfield>
  </datafield>
  <datafield tag="655" ind1=" " ind2="7">
    <subfield code="a">Cuentos infantiles</subfield>
    <subfield code="2">tgfbne</subfield>
    <subfield code="9">41091</subfield>
  </datafield>
  <datafield tag="655" ind1=" " ind2="7">
    <subfield code="a">Libros ilustrados</subfield>
    <subfield code="2">tgfbne</subfield>
  </datafield>
  <datafield tag="655" ind1=" " ind2="7">
    <subfield code="a">Libros infantiles</subfield>
    <subfield code="2">tgfbne</subfield>
  </datafield>
  <datafield tag="710" ind1="2" ind2=" ">
    <subfield code="a">Beascoa</subfield>
    <subfield code="e">entidad responsable</subfield>
    <subfield code="9">68420</subfield>
  </datafield>
  <datafield tag="942" ind1=" " ind2=" ">
    <subfield code="2">ddc</subfield>
    <subfield code="c">BKLITI</subfield>
  </datafield>
  <datafield tag="999" ind1=" " ind2=" ">
    <subfield code="c">60359</subfield>
    <subfield code="d">60359</subfield>
  </datafield>
  <datafield tag="952" ind1=" " ind2=" ">
    <subfield code="0">0</subfield>
    <subfield code="1">0</subfield>
    <subfield code="2">ddc</subfield>
    <subfield code="4">0</subfield>
    <subfield code="7">0</subfield>
    <subfield code="8">INF</subfield>
    <subfield code="a">MEGUAMAL</subfield>
    <subfield code="b">MEGUAMAL</subfield>
    <subfield code="c">SInf</subfield>
    <subfield code="d">2026-01-28</subfield>
    <subfield code="l">0</subfield>
    <subfield code="o">C PIG</subfield>
    <subfield code="p">GUA005031</subfield>
    <subfield code="r">2026-01-28 15:55:38</subfield>
    <subfield code="t">Ej.1</subfield>
    <subfield code="w">2026-01-28</subfield>
    <subfield code="y">BKLITI</subfield>
  </datafield>
  <datafield tag="952" ind1=" " ind2=" ">
    <subfield code="0">0</subfield>
    <subfield code="1">0</subfield>
    <subfield code="2">ddc</subfield>
    <subfield code="4">0</subfield>
    <subfield code="7">0</subfield>
    <subfield code="8">INF</subfield>
    <subfield code="a">MEDORADO</subfield>
    <subfield code="b">MEDORADO</subfield>
    <subfield code="c">SInf</subfield>
    <subfield code="d">2026-02-17</subfield>
    <subfield code="l">0</subfield>
    <subfield code="o">C PIG</subfield>
    <subfield code="p">DOR033307</subfield>
    <subfield code="r">2026-02-17 21:58:39</subfield>
    <subfield code="t">Ej.1</subfield>
    <subfield code="w">2026-02-17</subfield>
    <subfield code="y">BKLITI</subfield>
  </datafield>
  <datafield tag="952" ind1=" " ind2=" ">
    <subfield code="0">0</subfield>
    <subfield code="1">0</subfield>
    <subfield code="2">ddc</subfield>
    <subfield code="4">0</subfield>
    <subfield code="7">0</subfield>
    <subfield code="8">INF</subfield>
    <subfield code="a">MESMARTI</subfield>
    <subfield code="b">MESMARTI</subfield>
    <subfield code="c">SInf</subfield>
    <subfield code="d">2026-03-11</subfield>
    <subfield code="l">0</subfield>
    <subfield code="o">C PIG</subfield>
    <subfield code="p">SM04526</subfield>
    <subfield code="r">2026-03-11 22:45:19</subfield>
    <subfield code="t">Ej.1</subfield>
    <subfield code="w">2026-03-11</subfield>
    <subfield code="y">BKLITI</subfield>
  </datafield>
  <datafield tag="952" ind1=" " ind2=" ">
    <subfield code="0">0</subfield>
    <subfield code="1">0</subfield>
    <subfield code="2">ddc</subfield>
    <subfield code="4">0</subfield>
    <subfield code="7">0</subfield>
    <subfield code="8">INF</subfield>
    <subfield code="a">MEMACYARI</subfield>
    <subfield code="b">MEMACYARI</subfield>
    <subfield code="c">SInf</subfield>
    <subfield code="d">2026-04-20</subfield>
    <subfield code="e">biblioteca nacional </subfield>
    <subfield code="f">9788448867904</subfield>
    <subfield code="l">0</subfield>
    <subfield code="o">C PIG</subfield>
    <subfield code="p">9788448867904</subfield>
    <subfield code="r">2026-05-04 19:32:10</subfield>
    <subfield code="t">Ej.1</subfield>
    <subfield code="w">2026-05-04</subfield>
    <subfield code="y">BKLITI</subfield>
  </datafield>
  <datafield tag="952" ind1=" " ind2=" ">
    <subfield code="0">0</subfield>
    <subfield code="1">0</subfield>
    <subfield code="2">ddc</subfield>
    <subfield code="4">0</subfield>
    <subfield code="7">0</subfield>
    <subfield code="8">InfPoTi</subfield>
    <subfield code="a">MEVIGERR</subfield>
    <subfield code="b">MEVIGERR</subfield>
    <subfield code="c">SInf</subfield>
    <subfield code="d">2026-05-12</subfield>
    <subfield code="l">0</subfield>
    <subfield code="o">C PIG</subfield>
    <subfield code="p">ECA28821</subfield>
    <subfield code="r">2026-05-12 15:43:00</subfield>
    <subfield code="t">Ej.1</subfield>
    <subfield code="w">2026-05-12</subfield>
    <subfield code="y">BKLITI</subfield>
  </datafield>
</record>
